Superior human relationship / (Record no. 123876)
[ view plain ]
| 000 -LEADER | |
|---|---|
| fixed length control field | 00759nam a22002537a 4500 |
| 003 - CONTROL NUMBER IDENTIFIER | |
| control field | 0 |
| 005 - DATE AND TIME OF LATEST TRANSACTION | |
| control field | 20180807133549.0 |
| 008 - FIXED-LENGTH DATA ELEMENTS--GENERAL INFORMATION | |
| fixed length control field | 0 |
| 010 ## - LIBRARY OF CONGRESS CONTROL NUMBER | |
| LC control number | B-160087 |
| 020 ## - INTERNATIONAL STANDARD BOOK NUMBER | |
| Terms of availability | 790.00 |
| International Standard Book Number | 8178353385 |
| 035 ## - SYSTEM CONTROL NUMBER | |
| System control number | B-160087, B-160088, B-160095 |
| 037 ## - SOURCE OF ACQUISITION | |
| Source of stock number/acquisition | Cen Lib/Ret |
| 040 ## - CATALOGING SOURCE | |
| Original cataloging agency | DPL |
| Language of cataloging | EN |
| Transcribing agency | 0 |
| 082 ## - DEWEY DECIMAL CLASSIFICATION NUMBER | |
| Classification number | 306.87 |
| Item number | PAT |
| 100 ## - MAIN ENTRY--PERSONAL NAME | |
| Personal name | Pathak, V.N. |
| 9 (RLIN) | 8347 |
| 245 ## - TITLE STATEMENT | |
| Title | Superior human relationship / |
| Statement of responsibility, etc | by V.N. Pathak |
| 260 ## - PUBLICATION, DISTRIBUTION, ETC. (IMPRINT) | |
| Place of publication, distribution, etc | Delhi |
| Name of publisher, distributor, etc | Kalpaz Publications |
| Date of publication, distribution, etc | 2005 |
| 270 ## - ADDRESS | |
| City | New Delhi |
| Address | C-30, satyawati nagar |
| Postal code | 110052 |
| 300 ## - PHYSICAL DESCRIPTION | |
| Extent | 292p. |
| Dimensions | 21cm(Hb) |
| 500 ## - GENERAL NOTE | |
| General note | Includes index |
| 650 ## - SUBJECT ADDED ENTRY--TOPICAL TERM | |
| Topical term or geographic name as entry element | Interpersonal relations in adolescence |
| 9 (RLIN) | 72127 |
| 650 ## - SUBJECT ADDED ENTRY--TOPICAL TERM | |
| Topical term or geographic name as entry element | Interpersonal relations |
| General subdivision | Study and teaching |
| 9 (RLIN) | 72128 |
| 942 ## - ADDED ENTRY ELEMENTS (KOHA) | |
| Source of classification or shelving scheme | Dewey Decimal Classification |
| Koha item type | English Books |
| Classification part | 306.87 |
| Call number suffix | PAT |
| Withdrawn status | Lost status | Damaged status | Not for loan | Home library | Current library | Date acquired | Source of acquisition | Cost, normal purchase price | Total Checkouts | Full call number | Barcode | Date last seen | Date checked out | Copy number | Cost, replacement price | Price effective from | Koha item type | Source of classification or shelving scheme | Collection code |
|---|---|---|---|---|---|---|---|---|---|---|---|---|---|---|---|---|---|---|---|
| Central Library | Central Library | 12/06/2015 | Cen Lib/Ret | 790.00 | 1 | 306.87 PAT | B-160087 | 03/12/2025 | 21/11/2025 | 1 | 790.00 | 12/06/2015 | English Books | ||||||
| Patel Nagar | Patel Nagar | 26/07/2018 | BPPD/PUB | 790.00 | 306.87 PAT | B-160088 | 26/07/2018 | 790.00 | 26/07/2018 | English Books | Dewey Decimal Classification | Non-fiction | |||||||
| Shahdara Branch | Shahdara Branch | 07/08/2018 | BPPD/PUB | 790.00 | 306.87 PAT | B-160095 | 07/08/2018 | 790.00 | 07/08/2018 | English Books | Dewey Decimal Classification | Non-fiction |
